MARC details
| 000 -LEADER |
| fixed length control field |
02064cam a2200505 a 4500 |
| 001 - CONTROL NUMBER |
| control field |
BK0002635013 |
| 003 - CONTROL NUMBER IDENTIFIER |
| control field |
DLC |
| 005 - DATE AND TIME OF LATEST TRANSACTION |
| control field |
20241220125237.0 |
| 008 - FIXED-LENGTH DATA ELEMENTS--GENERAL INFORMATION |
| fixed length control field |
950111s1995 nyua j 000 1 eng |
| 010 ## - LIBRARY OF CONGRESS CONTROL NUMBER |
| LC control number |
95003237 |
| 020 ## - INTERNATIONAL STANDARD BOOK NUMBER |
| International Standard Book Number |
9780679863724 : PAP |
| Terms of availability |
$3.99 |
| 020 ## - INTERNATIONAL STANDARD BOOK NUMBER |
| International Standard Book Number |
0679863729 : PAP |
| Terms of availability |
$3.99 |
| 037 ## - SOURCE OF ACQUISITION |
| Source of stock number/acquisition |
Random House Childrens Books, Attn Order Entry 400 Hahn rd, Westminister, MD, USA, 21157 |
| Note |
SAN 201-3975 |
| 040 ## - CATALOGING SOURCE |
| Original cataloging agency |
DLC |
| Transcribing agency |
DLC |
| Modifying agency |
DLC |
| Description conventions |
rda |
| 050 00 - LIBRARY OF CONGRESS CALL NUMBER |
| Classification number |
PZ7.O81167 |
| Item number |
Af 1995 |
| 082 00 - DEWEY DECIMAL CLASSIFICATION NUMBER |
| Classification number |
[Fic] |
| Edition number |
20 |
| 092 ## - LOCALLY ASSIGNED DEWEY CALL NUMBER (OCLC) |
| Classification number |
FIC |
| 100 1# - MAIN ENTRY--PERSONAL NAME |
| Personal name |
Osborne, Mary Pope. |
| 9 (RLIN) |
6355336 |
| 245 10 - TITLE STATEMENT |
| Title |
Afternoon on the Amazon / |
| Statement of responsibility, etc |
by Mary Pope Osborne ; illustrated by Sal Murdocca. |
| 246 ## - VARYING FORM OF TITLE |
| Remainder of title |
Magic Tree House |
| 246 ## - VARYING FORM OF TITLE |
| Remainder of title |
Magic Tree House Book Six |
| 246 ## - VARYING FORM OF TITLE |
| Remainder of title |
Magic Tree House Book 6 |
| 260 ## - PUBLICATION, DISTRIBUTION, ETC. (IMPRINT) |
| Place of publication, distribution, etc |
New York : |
| Name of publisher, distributor, etc |
Random House, |
| Date of publication, distribution, etc |
1995. |
| 264 #1 - Production, Publication, Distribution, Manufacture, and Copyright Notice. |
| Place of production, publication, distribution, manufacture |
NY : |
| Name of producer, publisher, distributor, manufacturer |
Random House, |
| Date of production, publication, distribution, manufacture, or copyr |
1995. |
| 300 ## - PHYSICAL DESCRIPTION |
| Extent |
67 p. : |
| Other physical details |
ill. ; |
| Dimensions |
20 cm. |
| 336 ## - Content Type |
| Content type term |
text |
| 336 ## - Content Type |
| Content type term |
still image |
| 337 ## - Media type |
| Media type term |
unmediated |
| 338 ## - Carrier type |
| Carrier type term |
volume |
| 490 1# - SERIES STATEMENT |
| Series statement |
Magic tree house series ; |
| Volume number/sequential designation |
#6 |
| 500 ## - GENERAL NOTE |
| General note |
"A First stepping stone book." |
| 520 ## - SUMMARY, ETC. |
| Summary, etc |
Eight-year-old Jack, his seven-year-old sister, Annie, and Peanut the mouse ride in a tree house to the Amazon rain forests, where they encounter giant ants, flesh-eating piranhas, hungry crocodiles, and wild jaguars. |
| 521 ## - TARGET AUDIENCE NOTE |
| Target audience note |
RL:2.1 006-009 |
| 650 #1 - SUBJECT ADDED ENTRY--TOPICAL TERM |
| Topical term or geographic name as entry element |
Rain forests |
| General subdivision |
Fiction. |
| 9 (RLIN) |
6355337 |
| 650 #1 - SUBJECT ADDED ENTRY--TOPICAL TERM |
| Topical term or geographic name as entry element |
Rain forest animals |
| General subdivision |
Fiction. |
| 9 (RLIN) |
6355338 |
| 650 #1 - SUBJECT ADDED ENTRY--TOPICAL TERM |
| Topical term or geographic name as entry element |
Adventure and adventurers |
| General subdivision |
Fiction. |
| 9 (RLIN) |
5677004 |
| 650 #1 - SUBJECT ADDED ENTRY--TOPICAL TERM |
| Topical term or geographic name as entry element |
Tree houses |
| General subdivision |
Fiction. |
| 9 (RLIN) |
5749306 |
| 651 #1 - SUBJECT ADDED ENTRY--GEOGRAPHIC NAME |
| Geographic name |
Amazon River Valley |
| General subdivision |
Fiction. |
| 9 (RLIN) |
6355339 |
| 700 1# - ADDED ENTRY--PERSONAL NAME |
| Personal name |
Murdocca, Sal, |
| Relator term |
ill. |
| 9 (RLIN) |
7325 |
| 800 1# - SERIES ADDED ENTRY--PERSONAL NAME |
| Personal name |
Osborne, Mary Pope. |
| Title of a work |
Magic tree house series ; |
| Volume/sequential designation |
#6. |
| 9 (RLIN) |
37102 |
| 856 42 - ELECTRONIC LOCATION AND ACCESS |
| Materials specified |
Contributor biographical information |
| 856 42 - ELECTRONIC LOCATION AND ACCESS |
| Uniform Resource Identifier |
<a href="http://www.loc.gov/catdir/bios/random057/95003237.html">http://www.loc.gov/catdir/bios/random057/95003237.html</a> |
| Materials specified |
Publisher description |
| 856 42 - ELECTRONIC LOCATION AND ACCESS |
| Uniform Resource Identifier |
<a href="http://www.loc.gov/catdir/description/random041/95003237.html">http://www.loc.gov/catdir/description/random041/95003237.html</a> |
| 942 00 - ADDED ENTRY ELEMENTS (KOHA) |
| Source of classification or shelving scheme |
Dewey Decimal Classification |
| Koha item type |
BOOK |